Executive presence : (Record no. 5875)
[ view plain ]
| 000 -LEADER | |
|---|---|
| fixed length control field | 01244cam a22003137i 4500 |
| 001 - CONTROL NUMBER | |
| control field | 18371894 |
| 005 - DATE AND TIME OF LATEST TRANSACTION | |
| control field | 20250521095924.0 |
| 008 - FIXED-LENGTH DATA ELEMENTS--GENERAL INFORMATION | |
| fixed length control field | 141113t20142014nyua b 001 0 eng d |
| 020 ## - INTERNATIONAL STANDARD BOOK NUMBER | |
| International Standard Book Number | 9780062246899 |
| 020 ## - INTERNATIONAL STANDARD BOOK NUMBER | |
| International Standard Book Number | 0062246895 |
| 050 00 - LIBRARY OF CONGRESS CALL NUMBER | |
| Classification number | HD38.2 |
| Item number | .H49 2014 |
| 082 04 - DEWEY DECIMAL CLASSIFICATION NUMBER | |
| Classification number | 658.4/09 |
| Edition information | 23 |
| 100 1# - MAIN ENTRY--PERSONAL NAME | |
| Personal name | Hewlett, Sylvia Ann, |
| Dates associated with a name | 1946- |
| Relator term | author. |
| 245 10 - TITLE STATEMENT | |
| Title | Executive presence : |
| Remainder of title | the missing link between merit and success / |
| Statement of responsibility, etc. | Sylvia Ann Hewlett. |
| 250 ## - EDITION STATEMENT | |
| Edition statement | First edition. |
| 300 ## - PHYSICAL DESCRIPTION | |
| Extent | xxi, 210 pages : |
| Other physical details | illustrations ; |
| Dimensions | 24 cm |
| 650 #0 - SUBJECT ADDED ENTRY--TOPICAL TERM | |
| Topical term or geographic name entry element | Executive ability |
| General subdivision | Psychological aspects. |
| 650 #0 - SUBJECT ADDED ENTRY--TOPICAL TERM | |
| Topical term or geographic name entry element | Leadership |
| General subdivision | Psychological aspects. |
| 650 #0 - SUBJECT ADDED ENTRY--TOPICAL TERM | |
| Topical term or geographic name entry element | Self-presentation. |
| 650 #0 - SUBJECT ADDED ENTRY--TOPICAL TERM | |
| Topical term or geographic name entry element | Influence (Psychology) |
| 650 #0 - SUBJECT ADDED ENTRY--TOPICAL TERM | |
| Topical term or geographic name entry element | Interpersonal relations. |
| 650 #7 - SUBJECT ADDED ENTRY--TOPICAL TERM | |
| Topical term or geographic name entry element | Executive ability |
| General subdivision | Psychological aspects. |
| Source of heading or term | fast |
| Authority record control number or standard number | (OCoLC)fst00917782 |
| 650 #7 - SUBJECT ADDED ENTRY--TOPICAL TERM | |
| Topical term or geographic name entry element | Influence (Psychology) |
| Source of heading or term | fast |
| Authority record control number or standard number | (OCoLC)fst00972486 |
| 650 #7 - SUBJECT ADDED ENTRY--TOPICAL TERM | |
| Topical term or geographic name entry element | Interpersonal relations. |
| Source of heading or term | fast |
| Authority record control number or standard number | (OCoLC)fst00977397 |
| 650 #7 - SUBJECT ADDED ENTRY--TOPICAL TERM | |
| Topical term or geographic name entry element | Leadership |
| General subdivision | Psychological aspects. |
| Source of heading or term | fast |
| Authority record control number or standard number | (OCoLC)fst00994715 |
| 650 #7 - SUBJECT ADDED ENTRY--TOPICAL TERM | |
| Topical term or geographic name entry element | Self-presentation. |
| Source of heading or term | fast |
| Authority record control number or standard number | (OCoLC)fst01111876 |
| 856 42 - ELECTRONIC LOCATION AND ACCESS | |
| Materials specified | Contributor biographical information |
| Uniform Resource Identifier | <a href="http://www.loc.gov/catdir/enhancements/fy1503/2013427551-b.html">http://www.loc.gov/catdir/enhancements/fy1503/2013427551-b.html</a> |
| 942 ## - ADDED ENTRY ELEMENTS (KOHA) | |
| Source of classification or shelving scheme | Library of Congress Classification |
| Koha item type | Books |
| Suppress in OPAC | No |
| 999 ## - | |
| -- | 5875 |
| -- | 5875 |
| Withdrawn status | Lost status | Source of classification or shelving scheme | Damaged status | Not for loan | Collection | Home library | Current library | Shelving location | Date acquired | Total checkouts | Full call number | Barcode | Date last seen | Copy number | Price effective from | Koha item type |
|---|---|---|---|---|---|---|---|---|---|---|---|---|---|---|---|---|
| Library of Congress Classification | Non-fiction | Business Library (Miotso) | Business Library (Miotso) | General stacks | 03/18/2026 | HD 38.2 H49 HEW | BSSM00002888 | 03/18/2026 | 1 | 03/18/2026 | Books | |||||
| Library of Congress Classification | Non-fiction | Business Library (Miotso) | Business Library (Miotso) | General stacks | 03/18/2026 | HD 38.2 H49 HEW | BSSM00002889 | 03/18/2026 | 2 | 03/18/2026 | Books | |||||
| Library of Congress Classification | Non-fiction | Graduate Library (Christ Temple) | Graduate Library (Christ Temple) | General stacks | 05/21/2025 | HD 38.2 H 49 HEW | GSCT00001244 | 05/21/2025 | 1 | 05/21/2025 | Books | |||||
| Library of Congress Classification | Non-fiction | Graduate Library (Christ Temple) | Graduate Library (Christ Temple) | General stacks | 05/21/2025 | HD 38.2 H 49 HEW | GSCT00001245 | 05/21/2025 | 2 | 05/21/2025 | Books | |||||
| Library of Congress Classification | Non-fiction | Graduate Library (Christ Temple) | Graduate Library (Christ Temple) | General stacks | 05/21/2025 | HD 38.2 H 49 HEW | GSCT00001246 | 05/21/2025 | 3 | 05/21/2025 | Books |